| 000 | 01062nam0a2200337 4500 | ||
|---|---|---|---|
| 001 | RU\NLR\bibl\910803 | ||
| 005 | 20250614183218.0 | ||
| 010 |
_a5-481-00439-9 _bв обл. _95000 |
||
| 021 |
_aRU _b2005-79058 _93902 |
||
| 035 | _a(nilc)RSL-KNO-002788717 | ||
| 035 | _a(NLR Aleph) 000899149 | ||
| 090 |
_a1765922 _c1765922 |
||
| 100 | _a20051201d2005 |||y0rusy50 ca | ||
| 101 | 0 | _arus | |
| 102 | _aRU | ||
| 105 | _aa ||||||||| | ||
| 106 | _ar | ||
| 200 | 1 |
_aПетушок - золотой гребешок _e[рус. сказка _eдля чтения взрослыми детям _fхудож.: С. Осташенко] |
|
| 210 |
_aРостов н/Д _cМалыш _d2005 |
||
| 215 |
_a[10] с. _cцв. ил. _d22 |
||
| 225 | 1 | _aСерия "Золотая пчелка" | |
| 686 | _aШ9(2)3=Р-2 | ||
| 702 | 1 |
_aОсташенко _bС. _4040 |
|
| 801 | 0 |
_aRU _bРКП _c20051201 _grcr |
|
| 801 | 1 |
_aRU _bРГБ _c20051201 |
|
| 801 | 2 |
_aRU _bNLR _c20060226 _grcr |
|
| 942 | _cBOOK | ||
| 980 | _aNB | ||